| 000 | 00736nam a22002417a 4500 | ||
|---|---|---|---|
| 005 | 20170124110035.0 | ||
| 010 | _aA-808869 | ||
| 020 |
_c00.00 _a818610419 |
||
| 035 | _aA-808869 | ||
| 037 | _bCen Lib/Ret | ||
| 040 |
_aDPL _bEN |
||
| 082 |
_a332.6322 _bBER |
||
| 100 |
_aBerry, Tanuj _922574 |
||
| 245 |
_aThe Indian stock market : _cby Tanuj Berry _bto buy or not to buy / |
||
| 250 | _a2nd ed. | ||
| 260 |
_aNew Delhi _bBeacon Books _c1996 |
||
| 270 |
_a105-D, GH-10, Outer Ring Road Paschim Vihar _bNew Delhi _e110041 |
||
| 300 |
_a184p. : _c21cm(Hb) _bill. |
||
| 500 | _aIncludes index | ||
| 650 |
_aStocks--Rate of return _922575 |
||
| 650 |
_aStock exchanges _9101828 |
||
| 942 |
_2ddc _cEN _h332.6322 _mBER |
||
| 999 |
_c128164 _d128164 |
||